000 00305nam a22001217a 4500
008 170613b xxu||||| |||| 00| 0 eng d
041 _aeng
080 _a323
100 _a19
101 _aSHP
245 _aCANDIDATYES ISSUES AND SIMUNAION OF PRESIDENTIAL ELECTION
_cABELSON.P
942 _2udc
_cBK
999 _c17192
_d17192